Newcastle United Cup Draws - Statistics

General Stats
  • This quiz has been taken 38 times
    11 since last reset
  • The average score is 51 of 68
Answer Stats
Season Competition Round Team % Correct
2024/25 EFL Cup Semi Final Arsenal
100%
2020/21 FA Cup Third Round Arsenal
100%
2010/11 League Cup Fourth Round Arsenal
100%
2024/25 EFL Cup Quarter Final Brentford
100%
2020/21 EFL Cup Quarter Final Brentford
100%
2024/25 EFL Cup Fourth Round Chelsea
100%
2023/24 EFL Cup Quarter Final Chelsea
100%
2017/18 FA Cup Fourth Round Chelsea
100%
2010/11 League Cup Third Round Chelsea
100%
2023/24 FA Cup Quarter Final Manchester City
100%
2023/24 EFL Cup Third Round Manchester City
100%
2019/20 FA Cup Quarter Final Manchester City
100%
2014/15 League Cup Fourth Round Manchester City
100%
2013/14 League Cup Fourth Round Manchester City
100%
2023/24 EFL Cup Fourth Round Manchester United
100%
2022/23 EFL Cup Final Manchester United
100%
2012/13 League Cup Third Round Manchester United
100%
2024/25 EFL Cup Second Round Nottingham Forest
100%
2018/19 EFL Cup Second Round Nottingham Forest
100%
2017/18 EFL Cup Second Round Nottingham Forest
100%
2011/12 League Cup Third Round Nottingham Forest
100%
2023/24 FA Cup Third Round Sunderland
100%
2012/13 FA Cup Third Round Brighton
91%
2011/12 FA Cup Fourth Round Brighton
91%
2024/25 FA Cup Third Round Bromley
91%
2024/25 EFL Cup Third Round Wimbledon
91%
2024/25 FA Cup Fourth Round Birmingham City
82%
2016/17 FA Cup Third Round Birmingham City
82%
2022/23 EFL Cup Fourth Round Bournemouth
82%
2022/23 EFL Cup Semi Final Southampton
82%
2023/24 FA Cup Fifth Round Blackburn Rovers
73%
2020/21 EFL Cup Second Round Blackburn Rovers
73%
2018/19 FA Cup Third Round Blackburn Rovers
73%
2011/12 FA Cup Third Round Blackburn Rovers
73%
2011/12 League Cup Fourth Round Blackburn Rovers
73%
2021/22 EFL Cup Second Round Burnley
73%
2022/23 EFL Cup Third Round Crystal Palace
73%
2014/15 League Cup Third Round Crystal Palace
73%
2016/17 EFL Cup Fifth Round Hull City
73%
2022/23 EFL Cup Quarter Final Leicester City
73%
2019/20 EFL Cup Second Round Leicester City
73%
2014/15 FA Cup Third Round Leicester City
73%
2022/23 FA Cup Third Round Sheffield Wednesday
73%
2015/16 League Cup Third Round Sheffield Wednesday
73%
2021/22 FA Cup Third Round Cambridge United
64%
2014/15 League Cup Quarter Round Tottenham Hotspur
64%
2022/23 EFL Cup Second Round Tranmere Rovers
64%
2023/24 FA Cup Fourth Round Fulham
55%
2017/18 FA Cup Third Round Luton Town
55%
2020/21 EFL Cup Third Round Morecambe
55%
2013/14 League Cup Second Round Morecambe
55%
2020/21 EFL Cup Fourth Round Newport County
55%
2019/20 FA Cup Fourth Round Oxford United
55%
2016/17 FA Cup Fourth Round Oxford United
55%
2019/20 FA Cup Third Round Rochdale
55%
2018/19 FA Cup Fourth Round Watford
55%
2015/16 FA Cup Third Round Watford
55%
2019/20 FA Cup Fifth Round West Bromwich Albion
55%
2016/17 EFL Cup Third Round Wolverhampton Wanderers
55%
2013/14 FA Cup Third Round Cardiff City
45%
2014/15 League Cup Second Round Gillingham
45%
2016/17 EFL Cup Fourth Round Preston
45%
2010/11 FA Cup Third Round Stevenage
45%
2010/11 League Cup Second Round Accrington Stanley
36%
2013/14 League Cup Third Round Leeds United
36%
2016/17 EFL Cup Second Round Cheltenham Town
27%
2011/12 League Cup Second Round Scunthorpe United
27%
2015/16 League Cup Second Round Northampton Town
18%
No matching quizzes found
Score Distribution
Percent of People with Each Score
Percentile by Number Answered
Your Score History
You have not taken this quiz since the last reset